| 000 | 00454nam a2200133Ia 4500 | ||
|---|---|---|---|
| 008 | 200626s9999 xx 000 0 und d | ||
| 020 | _a978-1-4283-2140-3 | ||
| 100 | _aSzende, Peter | ||
| 245 |
_cPeter Szende.-- _aCase scenarios in hospitality supervision/ |
||
| 260 |
_aNew York: _bDelmar Cengage Learning _c2010 |
||
| 300 | _axviii, 202 pages | ||
| 650 | _aHospitality industry -- Management -- Case studies. | ||
| 650 | _aSupervisors -- Case studies. | ||
| 999 |
_c363809 _d363809 |
||